000 00606nam a2200229Ia 4500
003 OSt
005 20220928135526.0
006 a|||||r|||| 00| 0
007 ta
008 220927b |||||||| |||| 00| 0 eng d
024 _a2789
037 _cTextual
040 _aSDCL
_cSDCL
_beng
041 _2eng
_aeng
082 _aX:514:(S), M0
100 _aVillere Maurice F
_9491224
245 0 _aSuccessful personal selling through
260 _c1980
700 _a Duet claude P
_9491225
942 _hX:514:(S), M0
_cTEXL
_2CC
999 _c806598
_d806598